000 00310nam a2200133Ia 4500
005 20251222141800.0
008 251222s9999||||xx |||||||||||||| ||spa||
020 _a2-86656-207-0
082 _a708.4/L92
100 _aSefrioui, Anne
245 0 _a500 Chefs-D'oeuvre du Louvre:
264 _bScala
942 _cLIB
999 _c6114
_d6114